|
|
|
|
| LEADER |
00896nam a22002537a 4500 |
| 001 |
31576 |
| 003 |
BD-DhAAL |
| 005 |
20260111151800.0 |
| 008 |
170413s1990 bg ||||| |||| 00| 0 eng d |
| 040 |
|
|
|a BD-DhAAL
|c BD-DhAAL
|
| 082 |
|
|
|a 332.095492
|2 23
|
| 245 |
|
|
|a Small enterprise development :
|n volume 1, nos. 1-4,
|f Jan-Dec, 1990.
|
| 260 |
|
|
|a Dhaka :
|b BRAC,
|c 1993.
|
| 300 |
|
|
|a various pages ;
|c 25 cm.
|
| 362 |
|
|
|a Vol 1.
|
| 500 |
|
|
|a vol. 1, nos. 1-4, Jan-Dec, 1990.
|
| 526 |
|
|
|a AAL
|
| 541 |
|
|
|a BRAC
|e 31576
|
| 650 |
|
|
|a Microfinance
|z Bangladesh
|v periodicals.
|9 21236
|
| 710 |
|
|
|a BRAC
|9 21237
|
| 852 |
|
|
|a Ayesha Abed Library
|c General Stacks
|
| 942 |
|
|
|2 ddc
|c BK
|
| 999 |
|
|
|c 38042
|d 38042
|
| 952 |
|
|
|0 0
|1 0
|2 ddc
|4 0
|6 332_095492000000000_SMA
|7 1
|9 60180
|a BRACUL
|b BRACUL
|c BRS
|d 2017-04-13
|e BRAC
|l 0
|o 332.095492 SMA
|p 3010031576
|r 2017-04-13
|t 1
|w 2017-04-13
|y BK
|x BRAC ; price not available in register
|